UDA-ERP para PYMES : módulos de inventarios y manufactura. Tomo 3, Pruebas de seguridad /

Detalles Bibliográficos
Autor principal: Crespo Martínez, Esteban (Autor)
Formato: Electrónico eBook
Lenguaje:español
Publicado: Cuenca, Ecuador : Universidad del Azuay, Casa Editora, [2022]
Edición:Primera edición.
Colección:Homo (Universidad del Azuay, Casa Editora)
Materias:
Acceso en línea:Digitalia Hispánica

MARC

LEADER 00000nam a2200000 i 4500
001 DIGUAZUAY0208
003 NyNyDIG
007 cr |||||||||||
008 251216s2022 ec a ob 000 0 spa d
006 m o d
035 |a (OCoLC)1564457181 
040 |a DGITA  |b eng  |e rda  |e pn  |c DGITA 
020 |a 9789942618634  |q eBook 
020 |z 9789942618627 
050 1 4 |a T58.6 ebook 
100 1 |a Crespo Martínez, Esteban,  |e author. 
245 1 0 |a UDA-ERP para PYMES :  |b módulos de inventarios y manufactura.  |n Tomo 3,  |p Pruebas de seguridad /  |c autores, Esteban Crespo Martínez [and 3 others]. 
246 3 0 |a Pruebas de seguridad 
250 |a Primera edición. 
264 1 |a Cuenca, Ecuador :  |b Universidad del Azuay, Casa Editora,  |c [2022] 
300 |a 1 online resource :  |b color illustrations. 
336 |a text  |b txt  |2 rdacontent 
337 |a computer  |b c  |2 rdamedia 
338 |a online resource  |b cr  |2 rdacarrier 
347 |a text file  |2 rdaft 
347 |b PDF 
490 1 |a Homo 
504 |a Includes bibliographical references. 
588 0 |a Online resource; title from PDF title page (Digitalia, viewed December 16, 2025) 
650 0 |a Enterprise resource planning. 
650 0 |a Small business  |x Management. 
650 0 |a Management information systems. 
650 0 |a Inventory control. 
650 0 |a Production management. 
791 2 |a Digitalia (Firm),  |e distributor. 
793 0 |g Digitalia eBook Collection:  |a Universidad del Azuay 
776 0 8 |i Print version:  |a Crespo Martínez, Esteban.  |t UDA-ERP para PYMES : módulos de inventarios y manufactura. Tomo 3, Pruebas de seguridad.  |b Primera edición.  |d Cuenca, Ecuador : Universidad del Azuay, Casa Editora, [2022]  |z 9789942618627 
830 0 |a Homo (Universidad del Azuay, Casa Editora) 
856 4 0 |3 Digitalia Hispánica  |u https://www.digitaliapublishing.com/a/133593/ 
910 |a Premium collection: 2025